[Event "Titled Tuesday intern op 16th Apr Early"]
[Site "Chess.com INT"]
[Date "2024.04.16"]
[Round "10"]
[White "Bluebaum, Matthias"]
[Black "Galchenko, Matvey"]
[Result "1/2-1/2"]
[WhiteElo "2649"]
[BlackElo "2438"]
[PlyCount "139"]
[EventDate "2024.04.16"]
[EventType "swiss (blitz)"]
[EventRounds "11"]
[EventCountry "USA"]
[SourceTitle "CB17_2024"]
[SourceDate "2024.04.24"]
[SourceVersion "1"]
[SourceVersionDate "2024.04.24"]
[SourceQuality "1"]

1. d4 Nf6 2. c4 c5 3. d5 e6 4. Nc3 exd5 5. cxd5 d6 6. e4 g6 7. h3 Bg7 8. Nf3 0-0 9. Bd3 Re8 10. 0-0 Nbd7 11. Bf4 c4 12. Bc2 Nc5 13. Nd2 b6 14. Re1 Ba6 15. Qf3 Qc7 16. a4 Nfd7 17. Qg3 Ne5 18. Nf3 Ncd3 19. Bxd3 Nxd3 20. Bxd6 Qd7 21. Re2 Nxb2 22. Be5 Nd3 23. Bxg7 Kxg7 24. e5 Bb7 25. d6 Qf5 26. Rae1 Bxf3 27. Qxf3 Qxf3 28. gxf3 Nxe1 29. Rxe1 Rad8 30. Re4 f6 31. f4 g5 32. Nb5 Kf7 33. Nc7 fxe5 34. Nxe8 Rxe8 35. fxe5 Ke6 36. Rxc4 Kxe5 37. Rc7 Kxd6 38. Rxa7 Re4 39. Ra6 Kc5 40. a5 b5 41. Ra8 Ra4 42. Kg2 b4 43. Kf3 b3 44. Rc8+ Kd6 45. Rb8 Rxa5 46. Rxb3 Ke6 47. Kg4 Kf6 48. Rb6+ Kg7 49. Kh5 Rf5 50. Rb7+ Kg8 51. Rb8+ Kg7 52. Rb7+ Kg8 53. Kg4 Rxf2 54. Kxg5 Rf7 55. Rxf7 Kxf7 56. Kh6 Kg8 57. h4 Kh8 58. Kg5 Kg8 59. Kh5 Kg7 60. Kg5 h6+ 61. Kf5 Kf7 62. h5 Kg7 63. Ke6 Kg8 64. Kf6 Kh7 65. Kf7 Kh8 66. Kg6 Kg8 67. Kxh6 Kh8 68. Kg6 Kg8 69. h6 Kh8 70. h7 1/2-1/2

[Event "Titled Tuesday intern op 16th Apr Early"]
[Site "Chess.com INT"]
[Date "2024.04.16"]
[Round "2"]
[White "Domingo Nunez, Alejandro"]
[Black "Galchenko, Matvey"]
[Result "1-0"]
[WhiteElo "2318"]
[BlackElo "2438"]
[PlyCount "109"]
[EventDate "2024.04.16"]
[EventType "swiss (blitz)"]
[EventRounds "11"]
[EventCountry "USA"]
[SourceTitle "CB17_2024"]
[SourceDate "2024.04.24"]
[SourceVersion "1"]
[SourceVersionDate "2024.04.24"]
[SourceQuality "1"]

1. Nf3 c5 2. g3 g6 3. Bg2 Bg7 4. 0-0 Nc6 5. c4 e6 6. Nc3 Nge7 7. d4 Nxd4 8. Nxd4 cxd4 9. Nb5 Nf5 10. g4 a6 11. Qa4 Nh4 12. Nd6+ Kf8 13. Bh1 h5 14. g5 Be5 15. Nxb7 Qc7 16. f4 Bxb7 17. Qb4+ Kg7 18. Qxb7 Rab8 19. Qxc7 Bxc7 20. b3 Kh7 21. Bb2 Bb6 22. Kf2 Nf5 23. Rfe1 Rhc8 24. Be4 Ne3 25. Bd3 Bc5 26. Rec1 a5 27. Rab1 Kg8 28. Kf3 Rc7 29. h3 a4 30. bxa4 Ra8 31. Ba1 Rxa4 32. Rb8+ Kh7 33. Rb5 d6 34. Rcb1 Rxa2 35. Bb2 Raa7 36. Bc1 Kg7 37. Rb8 Re7 38. Bxe3 dxe3 39. Be4 f6 40. gxf6+ Kxf6 41. Rg1 Rg7 42. h4 Rae7 43. Rf8+ Ref7 44. Re8 Rd7 45. Rh8 d5 46. cxd5 exd5 47. Bd3 d4 48. Rh6 Be7 49. Bxg6 Rxg6 50. Rhxg6+ Kf7 51. Rh6 Ra7 52. Rh7+ Ke6 53. Rg6+ Kf5 54. Rb6 Bf6 55. Rxa7 1-0

[Event "Titled Tuesday intern op 16th Apr Early"]
[Site "Chess.com INT"]
[Date "2024.04.16"]
[Round "11"]
[White "Galchenko, Matvey"]
[Black "Lazavik, Denis"]
[Result "0-1"]
[WhiteElo "2438"]
[BlackElo "2572"]
[PlyCount "158"]
[EventDate "2024.04.16"]
[EventType "swiss (blitz)"]
[EventRounds "11"]
[EventCountry "USA"]
[SourceTitle "CB17_2024"]
[SourceDate "2024.04.24"]
[SourceVersion "1"]
[SourceVersionDate "2024.04.24"]
[SourceQuality "1"]

1. e4 c5 2. c3 d5 3. exd5 Qxd5 4. d4 Nf6 5. Nf3 e6 6. Na3 a6 7. Nc4 Nbd7 8. a4 cxd4 9. Qxd4 Bc5 10. Qh4 0-0 11. Be2 b6 12. 0-0 Bb7 13. Rd1 Qc6 14. Bf4 Rfd8 15. Bd3 Nf8 16. Nce5 Qe8 17. Ng5 Ng6 18. Bxg6 fxg6 19. Qh3 Rxd1+ 20. Rxd1 Bc8 21. Qf3 Ra7 22. b4 Bf8 23. h4 Bb7 24. Qh3 Bc8 25. Be3 h6 26. Ngf3 Nd5 27. Bd4 Qxa4 28. Re1 Qe8 29. Qg3 Kh7 30. Nd2 Rc7 31. Ne4 a5 32. bxa5 bxa5 33. Qd3 a4 34. h5 Nf4 35. hxg6+ Nxg6 36. Nd2 Be7 37. Ndf3 Bf6 38. Ra1 Bb7 39. Nxg6 Qxg6 40. Qxg6+ Kxg6 41. Rxa4 Bxf3 42. gxf3 Bxd4 43. cxd4 Kf6 44. Kg2 Rc2 45. Kg3 Rd2 46. Kg2 g5 47. Kg3 h5 48. Kg2 h4 49. Rb4 Kf5 50. Ra4 Rd3 51. Rb4 Kf6 52. Ra4 Rc3 53. Rb4 Rc6 54. Ra4 Rd6 55. Rb4 Rd5 56. Kh3 Kf5 57. Rc4 Kf4 58. Kg2 h3+ 59. Kxh3 Kxf3 60. Ra4 Kxf2 61. Kg4 Ke3 62. Ra6 Rxd4+ 63. Kxg5 e5 64. Ra3+ Rd3 65. Ra4 e4 66. Kf5 Rd5+ 67. Kg4 Rd8 68. Ra3+ Ke2 69. Ra2+ Rd2 70. Ra1 e3 71. Kg3 Rb2 72. Kg2 Kd3+ 73. Kf1 Kd2 74. Re1 Rb8 75. Re2+ Kd3 76. Ra2 Rb1+ 77. Kg2 e2 78. Ra3+ Kc4 79. Ra2 e1Q 0-1

[Event "Titled Tuesday intern op 16th Apr Early"]
[Site "Chess.com INT"]
[Date "2024.04.16"]
[Round "6"]
[White "Stillger, Bernhard"]
[Black "Galchenko, Matvey"]
[Result "0-1"]
[WhiteElo "2256"]
[BlackElo "2438"]
[PlyCount "98"]
[EventDate "2024.04.16"]
[EventType "swiss (blitz)"]
[EventRounds "11"]
[EventCountry "USA"]
[SourceTitle "CB17_2024"]
[SourceDate "2024.04.24"]
[SourceVersion "1"]
[SourceVersionDate "2024.04.24"]
[SourceQuality "1"]

1. Nf3 c5 2. c4 g6 3. d4 cxd4 4. Nxd4 Bg7 5. e4 Nc6 6. Be3 Nf6 7. Nc3 0-0 8. Be2 d6 9. 0-0 Nxd4 10. Bxd4 a5 11. e5 dxe5 12. Bxe5 Be6 13. Qxd8 Rfxd8 14. Rfd1 Rxd1+ 15. Rxd1 a4 16. Nb5 Rc8 17. b3 axb3 18. axb3 b6 19. Bf3 Nd7 20. Bxg7 Kxg7 21. Na7 Rc7 22. Nc6 Nc5 23. Nd4 Bd7 24. h4 e5 25. Nb5 Bxb5 26. cxb5 Nxb3 27. Rd6 f5 28. Bd5 Nd4 29. Rxb6 Rc5 30. Bc6 e4 31. Rb7+ Kf6 32. Rb6 Ke5 33. Rb7 Rc1+ 34. Kh2 Rc2 35. Rxh7 Rxf2 36. Kg3 Rb2 37. Re7+ Kf6 38. Rd7 Ne6 39. Rd6 Ke5 40. Rd5+ Kf6 41. Rd6 f4+ 42. Kh3 Ke7 43. Rd7+ Kf8 44. Bxe4 Nc5 45. Rd6 Nxe4 46. Rxg6 Rxb5 47. Rg4 Nf2+ 48. Kh2 Nxg4+ 49. Kg1 Rb1# 0-1

[Event "Titled Tuesday intern op 02nd Apr Early"]
[Site "Chess.com INT"]
[Date "2024.04.02"]
[Round "10"]
[White "Galchenko, Matvey"]
[Black "Maltsevskaya, Aleksandra"]
[Result "1-0"]
[WhiteElo "2438"]
[BlackElo "2393"]
[PlyCount "25"]
[EventDate "2024.04.02"]
[EventType "swiss (blitz)"]
[EventRounds "11"]
[EventCountry "USA"]
[SourceTitle "CB15_2024"]
[SourceDate "2024.04.10"]
[SourceVersion "1"]
[SourceVersionDate "2024.04.10"]
[SourceQuality "1"]

1. e4 c5 2. c3 g6 3. d4 cxd4 4. cxd4 d5 5. Nc3 dxe4 6. Bc4 e6 7. Qb3 Nf6 8. d5 e5 9. d6 Bxd6 10. Bxf7+ Ke7 11. Bg5 Qa5 12. 0-0-0 Rd8 13. Nxe4 1-0

[Event "Titled Tuesday intern op 02nd Apr Early"]
[Site "Chess.com INT"]
[Date "2024.04.02"]
[Round "6"]
[White "Galchenko, Matvey"]
[Black "Novak, Ratko"]
[Result "1-0"]
[WhiteElo "2438"]
[BlackElo "2034"]
[PlyCount "77"]
[EventDate "2024.04.02"]
[EventType "swiss (blitz)"]
[EventRounds "11"]
[EventCountry "USA"]
[SourceTitle "CB15_2024"]
[SourceDate "2024.04.10"]
[SourceVersion "1"]
[SourceVersionDate "2024.04.10"]
[SourceQuality "1"]

1. f4 d5 2. Nf3 c5 3. g3 Nc6 4. Bg2 f6 5. d3 e5 6. Nc3 Be6 7. 0-0 Bd6 8. e4 d4 9. Ne2 Nge7 10. c3 dxc3 11. bxc3 0-0 12. Be3 Qa5 13. f5 Bf7 14. g4 Rad8 15. g5 Bc7 16. gxf6 gxf6 17. Bh6 Rfe8 18. Qe1 Kh8 19. Qg3 Rg8 20. Qh4 Rd6 21. d4 cxd4 22. cxd4 Bc4 23. Rf2 Bb6 24. Be3 Bxe2 25. Rxe2 exd4 26. Bf2 d3 27. Rd2 Ne5 28. Nxe5 Rxg2+ 29. Kxg2 Qxd2 30. Ng4 Qg5 31. Qxg5 fxg5 32. Bg3 Rd4 33. Rd1 Rxe4 34. Be5+ Kg8 35. Nf6+ Kf7 36. Nxe4 Nxf5 37. Rxd3 Ke6 38. Bb2 h5 39. Nxg5+ 1-0

[Event "Titled Tuesday intern op 02nd Apr Early"]
[Site "Chess.com INT"]
[Date "2024.04.02"]
[Round "1"]
[White "Galchenko, Matvey"]
[Black "Silva Lucena, Cristian"]
[Result "1-0"]
[WhiteElo "2438"]
[BlackElo "2359"]
[PlyCount "157"]
[EventDate "2024.04.02"]
[EventType "swiss (blitz)"]
[EventRounds "11"]
[EventCountry "USA"]
[SourceTitle "CB15_2024"]
[SourceDate "2024.04.10"]
[SourceVersion "1"]
[SourceVersionDate "2024.04.10"]
[SourceQuality "1"]

1. e4 e5 2. Nf3 Nf6 3. d4 Nxe4 4. Bd3 d5 5. Nxe5 Bd6 6. 0-0 0-0 7. Nc3 Nxc3 8. bxc3 Nd7 9. Nxd7 Qxd7 10. Qh5 g6 11. Qh6 Re8 12. Bf4 Bxf4 13. Qxf4 Qd6 14. Qxd6 cxd6 15. Rab1 Re7 16. Rb5 Be6 17. Re1 Rc7 18. Re3 b6 19. Rb3 Rac8 20. Be2 h5 21. f3 Kg7 22. Kf2 Kf6 23. h4 Bf5 24. Bd1 Rc4 25. Ke1 Ra4 26. a3 Rac4 27. Kd2 Bd7 28. Be2 R4c7 29. Ba6 Re8 30. Rxe8 Bxe8 31. Rb1 Kf5 32. Re1 Ba4 33. g3 Kf6 34. g4 Bc6 35. gxh5 gxh5 36. Rg1 b5 37. Rg5 Re7 38. Rxh5 Re8 39. Rh6+ Ke7 40. Rh7 Rb8 41. h5 Bd7 42. h6 Kf6 43. Rg7 Rh8 44. Bb7 Rxh6 45. Rg8 Rh2+ 46. Kd1 Bf5 47. Bxd5 Bxc2+ 48. Ke1 Bd3 49. Rd8 Ke7 50. Ra8 f5 51. Rxa7+ Kf6 52. Rd7 Re2+ 53. Kd1 Rc2 54. Rxd6+ Kg5 55. Rc6 Kf4 56. Bb3 Rb2 57. Bf7 Kxf3 58. d5 f4 59. Re6 Bc4 60. Bh5+ Kg3 61. Re5 f3 62. Rg5+ Kf4 63. Rg8 f2 64. Rf8+ Kg3 65. d6 f1Q+ 66. Rxf1 Rb1+ 67. Kd2 Rxf1 68. d7 Rf8 69. Be8 Rf5 70. d8Q Rd5+ 71. Qxd5 Bxd5 72. Ke3 Bc4 73. Kd4 Kf3 74. Kc5 Ke3 75. Bxb5 Be6 76. Kd6 Kd2 77. c4 Kc3 78. Kxe6 Kb3 79. c5 1-0

[Event "Titled Tuesday intern op 02nd Apr Early"]
[Site "Chess.com INT"]
[Date "2024.04.02"]
[Round "2"]
[White "Skliarov, Viktor"]
[Black "Galchenko, Matvey"]
[Result "1-0"]
[WhiteElo "2345"]
[BlackElo "2438"]
[PlyCount "91"]
[EventDate "2024.04.02"]
[EventType "swiss (blitz)"]
[EventRounds "11"]
[EventCountry "USA"]
[SourceTitle "CB15_2024"]
[SourceDate "2024.04.10"]
[SourceVersion "1"]
[SourceVersionDate "2024.04.10"]
[SourceQuality "1"]

1. e4 e6 2. d4 d5 3. e5 c5 4. c3 Qb6 5. Nf3 Nc6 6. a3 Nh6 7. b4 cxd4 8. Bxh6 gxh6 9. cxd4 Bd7 10. Be2 Rg8 11. 0-0 Rg4 12. h3 Rxd4 13. Nxd4 Qxd4 14. Qxd4 Nxd4 15. Bh5 Rc8 16. Nd2 Rc2 17. Rfd1 Ba4 18. Rac1 Bg7 19. Rxc2 Bxc2 20. Re1 Ba4 21. f4 Ke7 22. Rc1 Bc6 23. Kf2 f6 24. exf6+ Bxf6 25. Nf3 Nb3 26. Re1 d4 27. Ne5 Nd2 28. Nxc6+ bxc6 29. Bg4 e5 30. fxe5 Bg5 31. Ke2 Nc4 32. Kd3 Nxa3 33. Ra1 Nb5 34. Bf3 Ke6 35. Bxc6 Nc3 36. Kxd4 Ne2+ 37. Kc4 Nf4 38. Rxa7 Kxe5 39. b5 Kd6 40. Rd7+ Ke6 41. b6 Ng6 42. Rxh7 Kd6 43. Kb5 Ne5 44. Be4 Nd7 45. Bf5 Bf4 46. Rxd7+ 1-0

[Event "Titled Tuesday intern op 12th Mar Late"]
[Site "Chess.com INT"]
[Date "2024.03.12"]
[Round "7"]
[White "Galchenko, Matvey"]
[Black "Grinev, Valeriy"]
[Result "1-0"]
[WhiteElo "2438"]
[BlackElo "2422"]
[PlyCount "63"]
[EventDate "2024.03.12"]
[EventType "swiss (blitz)"]
[EventRounds "11"]
[EventCountry "USA"]
[SourceTitle "CB12_2024"]
[SourceDate "2023.10.01"]
[SourceVersion "1"]
[SourceVersionDate "2023.10.01"]
[SourceQuality "1"]

1. f4 d5 2. Nf3 Bg4 3. Ne5 Bf5 4. c4 Nd7 5. Qb3 Nxe5 6. fxe5 dxc4 7. Qxb7 Bd7 8. e3 f6 9. Bxc4 fxe5 10. 0-0 Nf6 11. Nc3 e6 12. Ne4 Bd6 13. b3 0-0 14. Bb2 Rb8 15. Nxf6+ gxf6 16. Qe4 Qe7 17. Rf3 Bb5 18. Raf1 Bxc4 19. Qxc4 Rb4 20. Qe2 a5 21. Rg3+ Kh8 22. Qh5 a4 23. Bc3 axb3 24. Bxb4 Bxb4 25. axb3 Bxd2 26. Qh6 Bc3 27. e4 Bd4+ 28. Kh1 c5 29. Rgf3 f5 30. exf5 e4 31. f6 Qf7 32. Qg7+ 1-0

[Event "Titled Tuesday intern op 13th Feb Early"]
[Site "Chess.com INT"]
[Date "2024.02.13"]
[Round "9"]
[White "Vaibhav, Jayant Raut"]
[Black "Galchenko, Matvey"]
[Result "0-1"]
[WhiteElo "2071"]
[BlackElo "2438"]
[PlyCount "128"]
[EventDate "2024.02.13"]
[EventType "swiss (blitz)"]
[EventRounds "11"]
[EventCountry "USA"]
[SourceTitle "CB08_2024"]
[SourceDate "2024.02.21"]
[SourceVersion "1"]
[SourceVersionDate "2024.02.21"]
[SourceQuality "1"]

1. c4 e6 2. Nf3 d5 3. d4 c6 4. e3 f5 5. Nc3 Nf6 6. Be2 Bd6 7. 0-0 Nbd7 8. c5 Bc7 9. b4 a6 10. a4 0-0 11. Bb2 e5 12. dxe5 Nxe5 13. b5 axb5 14. axb5 Rxa1 15. Qxa1 Nfg4 16. Nxe5 Nxe5 17. b6 Bb8 18. Qa8 Nd7 19. Bf3 Qh4 20. g3 Qb4 21. Qa2 Qxc5 22. Nxd5 cxd5 23. Ba3 Qxb6 24. Bxd5+ Kh8 25. Bxf8 Nxf8 26. Rc1 Bd7 27. Rb1 Qc5 28. Rxb7 Be5 29. Qa8 Bc8 30. Rf7 h6 31. Ra7 Kh7 32. Ra5 Qc1+ 33. Kg2 Ng6 34. Qc6 Qxc6 35. Bxc6 Bc7 36. Rc5 Bd6 37. Rc1 Be6 38. h4 Ba3 39. Ra1 Bb2 40. Rb1 Bf6 41. Bb7 Ne5 42. Rb6 Bc4 43. Rb1 Bd3 44. Rd1 Bb5 45. Rb1 Bd7 46. Rc1 Ba4 47. Bc8 Kg6 48. Bb7 Nd3 49. Rf1 Bb5 50. Rb1 Bc4 51. Bf3 Bc3 52. h5+ Kh7 53. Rb7 Ne1+ 54. Kh3 Nxf3 55. Rc7 Nd2 56. e4 fxe4 57. g4 Be6 58. Rc6 Bc4 59. g5 hxg5 60. Kg4 Bf6 61. h6 Kxh6 62. Rc7 Nf3 63. Rc8 Be6+ 64. Kg3 Be5+ 0-1

[Event "Titled Tuesday intern op 13th Feb Early"]
[Site "Chess.com INT"]
[Date "2024.02.13"]
[Round "10"]
[White "Yoo, Christopher Woojin"]
[Black "Galchenko, Matvey"]
[Result "0-1"]
[WhiteElo "2595"]
[BlackElo "2438"]
[PlyCount "124"]
[EventDate "2024.02.13"]
[EventType "swiss (blitz)"]
[EventRounds "11"]
[EventCountry "USA"]
[SourceTitle "CB08_2024"]
[SourceDate "2024.02.21"]
[SourceVersion "1"]
[SourceVersionDate "2024.02.21"]
[SourceQuality "1"]

1. e4 e6 2. Nf3 d5 3. Nc3 d4 4. Ne2 c5 5. Ng3 a6 6. c3 Nc6 7. a3 h5 8. h4 Nf6 9. cxd4 cxd4 10. e5 Ng4 11. b4 Ncxe5 12. Bb2 Qd5 13. Nxd4 Bd6 14. Qb3 Nxf2 15. Ngf5 Qe4+ 16. Kxf2 exf5 17. Be2 Qf4+ 18. Ke1 0-0 19. Bxh5 Ng4 20. Qf3 Re8+ 21. Ne2 Qxf3 22. gxf3 Ne5 23. Bxe5 Bxe5 24. Rb1 g6 25. f4 Bxf4 26. Bf3 Bd7 27. Bxb7 Rad8 28. Kf2 Bxd2 29. h5 Bb5 30. Ng3 Be3+ 31. Kf3 Rd3 32. hxg6 fxg6 33. Rbd1 Bd2+ 34. Kg2 f4 35. Ne4 Red8 36. Nf6+ Kg7 37. Ne4 f3+ 38. Kg3 Bf4+ 39. Kxf4 Rxd1 40. Rh3 f2 41. Nxf2 Rf8+ 42. Kg3 Rg1+ 43. Kh2 Ra1 44. Ng4 Ra2+ 45. Bg2 Bc6 46. Ne3 Bxg2 47. Nxg2 Rff2 48. Rg3 Rfb2 49. Kh3 Kf6 50. Nh4 g5 51. Nf3 Rxa3 52. Kg4 Rxb4+ 53. Kh5 Rh4+ 54. Nxh4 Rxg3 55. Ng6 Rh3+ 56. Kg4 Kxg6 57. Kxh3 a5 58. Kg4 a4 59. Kf3 a3 60. Ke4 a2 61. Kd3 a1Q 62. Kc4 Qe5 0-1

[Event "Titled Tuesday intern op 06th Feb Early"]
[Site "Chess.com INT"]
[Date "2024.02.06"]
[Round "8"]
[White "Giri, Anish"]
[Black "Galchenko, Matvey"]
[Result "1-0"]
[WhiteElo "2762"]
[BlackElo "2438"]
[PlyCount "57"]
[EventDate "2024.02.06"]
[EventType "swiss (blitz)"]
[EventRounds "11"]
[EventCountry "USA"]
[SourceTitle "CB07_2024"]
[SourceDate "2024.02.14"]
[SourceVersion "1"]
[SourceVersionDate "2024.02.14"]
[SourceQuality "1"]

1. Nf3 c5 2. c4 g6 3. Nc3 Bg7 4. g3 Nc6 5. Bg2 d6 6. 0-0 e6 7. Rb1 Nge7 8. a3 0-0 9. b4 b6 10. Qb3 Bb7 11. e3 Qd7 12. Bb2 Rac8 13. Rfd1 cxb4 14. axb4 d5 15. cxd5 exd5 16. Ne2 Bxb2 17. Qxb2 Nf5 18. Bh3 d4 19. e4 Qe7 20. d3 Rcd8 21. exf5 Nxb4 22. Bg2 Nc6 23. Nexd4 Nxd4 24. Nxd4 Bxg2 25. Kxg2 Qb7+ 26. Kg1 Qd5 27. Nb5 Rd7 28. fxg6 fxg6 29. Qb3 1-0

[Event "Titled Tuesday intern op 16th Jan Early"]
[Site "Chess.com INT"]
[Date "2024.01.16"]
[Round "6"]
[White "Gubajdullin, Alexey"]
[Black "Galchenko, Matvey"]
[Result "1-0"]
[WhiteElo "2253"]
[BlackElo "2438"]
[PlyCount "81"]
[EventDate "2024.01.16"]
[EventType "swiss (blitz)"]
[EventRounds "11"]
[EventCountry "USA"]
[SourceTitle "CB04_2024"]
[SourceDate "2023.10.16"]
[SourceVersion "1"]
[SourceVersionDate "2023.10.16"]
[SourceQuality "1"]

1. d4 Nf6 2. Nf3 c5 3. c3 d5 4. Bf4 Nc6 5. e3 Qb6 6. Qc1 Bf5 7. Nbd2 e6 8. Be2 h6 9. 0-0 Be7 10. Bd1 Rc8 11. Bc2 Bxc2 12. Qxc2 cxd4 13. cxd4 0-0 14. Qb3 Qa6 15. Rfc1 Nb4 16. Rc3 Ne4 17. Nxe4 dxe4 18. Ne5 Qe2 19. Bg3 b6 20. h3 Nd5 21. Rc6 Nb4 22. Rxe6 fxe6 23. Qxe6+ Kh7 24. Qxe7 Qxb2 25. Rf1 Nd5 26. Qe6 Nf6 27. Ng4 Nxg4 28. Qxe4+ Kh8 29. hxg4 Qxa2 30. Be5 Qf7 31. f4 Kg8 32. Ra1 a5 33. Rb1 a4 34. Rxb6 a3 35. Ra6 a2 36. Kh2 Rc1 37. d5 Qe7 38. g5 a1Q 39. Rxh6 gxh6 40. Qg6+ Qg7 41. Qxg7# 1-0

[Event "Wch Blitz"]
[Site "Samarkand"]
[Date "2023.12.30"]
[Round "13"]
[White "Galchenko, Matvey"]
[Black "Asadli, Vugar Afgan Oglu"]
[Result "1-0"]
[WhiteElo "2438"]
[BlackElo "2562"]
[PlyCount "119"]
[EventDate "2023.12.29"]
[EventType "swiss (blitz)"]
[EventRounds "21"]
[EventCountry "UZB"]
[SourceTitle "CB01_2024"]
[SourceDate "2024.01.03"]
[SourceVersion "1"]
[SourceVersionDate "2024.01.03"]
[SourceQuality "1"]

1. e4 c5 2. c3 e5 3. Nf3 Nc6 4. Bc4 Nf6 5. Ng5 d5 6. exd5 Nxd5 7. Qh5 g6 8. Qf3 Qxg5 9. Bxd5 Nd8 10. 0-0 Qe7 11. Re1 Bg7 12. d4 0-0 13. dxe5 Nc6 14. Bxc6 bxc6 15. Bf4 Rb8 16. b3 c4 17. Nd2 cxb3 18. axb3 Be6 19. c4 Qb4 20. Ra4 Qb6 21. Be3 c5 22. Ne4 Qxb3 23. Nxc5 Qc2 24. Rxa7 Rb1 25. Ra1 Rxa1 26. Rxa1 Rb8 27. Qd1 Qxc4 28. Qd6 Qb5 29. h3 Qe8 30. Nxe6 fxe6 31. Ra6 Rd8 32. Qxe6+ Qxe6 33. Rxe6 Rd1+ 34. Kh2 Kf7 35. Ra6 Bxe5+ 36. g3 h5 37. Kg2 Rd6 38. Ra5 Bd4 39. Bf4 Rc6 40. Rd5 Bb6 41. Rd2 Ba5 42. Ra2 Bb4 43. Kf3 Bd6 44. Be3 Rc4 45. Ra7+ Ke6 46. Ra6 Ke7 47. Bg5+ Kd7 48. Be3 Ke7 49. Rb6 Ra4 50. Rc6 Kd7 51. Rc2 Ke7 52. Rd2 Ke6 53. Rb2 Rb4 54. Ra2 Rb3 55. Ra6 Kd7 56. Ke4 Rb4+ 57. Kd5 Rb5+ 58. Kc4 Rf5 59. f4 Rf8 60. Rxd6+ 1-0

[Event "Wch Blitz"]
[Site "Samarkand"]
[Date "2023.12.30"]
[Round "15"]
[White "Galchenko, Matvey"]
[Black "Jumabayev, Rinat"]
[Result "1/2-1/2"]
[WhiteElo "2438"]
[BlackElo "2598"]
[PlyCount "86"]
[EventDate "2023.12.29"]
[EventType "swiss (blitz)"]
[EventRounds "21"]
[EventCountry "UZB"]
[SourceTitle "CB01_2024"]
[SourceDate "2024.01.03"]
[SourceVersion "1"]
[SourceVersionDate "2024.01.03"]
[SourceQuality "1"]

1. e4 e6 2. d4 d5 3. e5 c5 4. c3 Nc6 5. Nf3 Bd7 6. Be2 cxd4 7. cxd4 Nge7 8. Na3 Ng6 9. Nc2 Be7 10. a3 0-0 11. h4 f6 12. h5 Nh8 13. exf6 Bxf6 14. 0-0 Be8 15. h6 g5 16. Nh2 Bg6 17. Bg4 Qd6 18. Re1 Rae8 19. Be3 Nf7 20. Bh5 Nxh6 21. Bxg6 hxg6 22. Ng4 Nxg4 23. Qxg4 e5 24. Bxg5 Bxg5 25. Qxg5 Rf5 26. Qg3 Qf6 27. dxe5 Rfxe5 28. Rxe5 Rxe5 29. Rd1 Kg7 30. Ne3 Qe6 31. Ng4 Rg5 32. Qc7+ Qf7 33. Qg3 Qe6 34. f3 d4 35. Qf4 Rh5 36. b4 a6 37. a4 Qf5 38. Qc7+ Qf7 39. Qd6 Rd5 40. Qh2 Rh5 41. Qd6 Rd5 42. Qh2 Rh5 43. Qd6 Rd5 1/2-1/2

[Event "Wch Blitz"]
[Site "Samarkand"]
[Date "2023.12.30"]
[Round "18"]
[White "Pranav, V."]
[Black "Galchenko, Matvey"]
[Result "1-0"]
[WhiteElo "2611"]
[BlackElo "2438"]
[PlyCount "57"]
[EventDate "2023.12.29"]
[EventType "swiss (blitz)"]
[EventRounds "21"]
[EventCountry "UZB"]
[SourceTitle "CB01_2024"]
[SourceDate "2024.01.03"]
[SourceVersion "1"]
[SourceVersionDate "2024.01.03"]
[SourceQuality "1"]

1. e4 e6 2. d3 d5 3. Nd2 Nf6 4. Ngf3 c5 5. g3 Be7 6. Bg2 0-0 7. 0-0 Nc6 8. e5 Nd7 9. Re1 Qc7 10. Qe2 b5 11. h4 Bb7 12. Nf1 Rfc8 13. Bf4 h6 14. h5 a5 15. Ne3 Qd8 16. Ng4 Bf8 17. c4 bxc4 18. dxc4 Ba6 19. b3 Nb6 20. Bxh6 dxc4 21. Rad1 Qc7 22. Qe4 Ne7 23. Bxg7 Bxg7 24. Nf6+ Bxf6 25. exf6 Nf5 26. Nh4 Kh8 27. Nxf5 exf5 28. Qxf5 Re8 29. Qg5 1-0

[Event "Wch Blitz"]
[Site "Samarkand"]
[Date "2023.12.30"]
[Round "12"]
[White "Zvjaginsev, Vadim"]
[Black "Galchenko, Matvey"]
[Result "1-0"]
[WhiteElo "2567"]
[BlackElo "2438"]
[PlyCount "67"]
[EventDate "2023.12.29"]
[EventType "swiss (blitz)"]
[EventRounds "21"]
[EventCountry "UZB"]
[SourceTitle "CB01_2024"]
[SourceDate "2024.01.03"]
[SourceVersion "1"]
[SourceVersionDate "2024.01.03"]
[SourceQuality "1"]

1. Nf3 c5 2. e4 g6 3. c3 Bg7 4. d4 cxd4 5. cxd4 d5 6. exd5 Nf6 7. Nc3 Nxd5 8. Bc4 Nb6 9. Bb3 0-0 10. h3 Nc6 11. d5 Na5 12. 0-0 Nxb3 13. axb3 Bxc3 14. bxc3 Qxd5 15. Qe2 Qxb3 16. Qxe7 Qe6 17. Qh4 f6 18. Bh6 Rd8 19. Rfe1 Qf7 20. Ne5 Qc7 21. Qxf6 Nd5 22. Qh4 Bf5 23. c4 Nb4 24. g4 Rd4 25. Qf6 Rd6 26. Qg5 Bc2 27. Re3 Re6 28. Rae1 Rae8 29. Nxg6 hxg6 30. Rxe6 Rxe6 31. Rxe6 Nc6 32. Rxg6+ Bxg6 33. Qxg6+ Kh8 34. Bg5 1-0